Výber vhodnej právnej formy podnikania bakalárska práca

Salvato in:
Dettagli Bibliografici
Autore principale: Bachurová, Petra
Ente Autore: Podnikovohospodárska fakulta EU so sídlom v Košiciach. Katedra ekonómie
Altri autori: Bruothová, Michaela, 1979-
Natura: Libro
Lingua:slovacco
Pubblicazione: Košice 2017
Tags: Aggiungi Tag
Nessun Tag, puoi essere il primo ad aggiungerne!!

MARC

LEADER 00000nbm a2200000 4500
001 0231673
005 20240827093220.0
041 0 |a slo 
044 |a SK 
245 1 0 |a Výber vhodnej právnej formy podnikania  |b bakalárska práca  |c Petra Bachurová ; školiteľ: Michaela Bruothová 
264 1 |a Košice  |c 2017 
300 |a 45 s. 
100 1 |a Bachurová, Petra 
700 1 |a Bruothová, Michaela, 1979- 
710 2 |a Podnikovohospodárska fakulta EU so sídlom v Košiciach. Katedra ekonómie